| 000 | 00511nam a22001697a 4500 | ||
|---|---|---|---|
| 003 | OSt | ||
| 005 | 20260120112748.0 | ||
| 008 | 260120b |||||||| |||| 00| 0 eng d | ||
| 040 | _cMRSPTU | ||
| 041 | _aENG | ||
| 100 | _aJasreet Kaur, Supervisor: Manpreet Kaur | ||
| 245 | _aHuman Action Recognition Using SVM and KNN Classifiers | ||
| 260 |
_bDepartment of CSE, MRSPTU, Bathinda _c2016 |
||
| 650 | _aComputer Science | ||
| 856 | _uhttp://163.47.215.52:8080/jspui/handle/123456789/241 | ||
| 942 |
_2ddc _cTH _n0 |
||
| 999 |
_c10701 _d10701 |
||